Top 15 Countries with Covid-19 Cases - 18 May - Statistics

General Stats
  • This quiz has been taken 45 times
    36 since last reset
  • The average score is 15 of 25
Answer Stats
country % Correct
China
100%
United States
100%
Canada
94%
Brazil
91%
France
91%
Germany
91%
Italy
91%
United Kingdom
91%
Russia
89%
Spain
83%
India
77%
Portugal
71%
Iran
63%
Ireland
49%
Saudi Arabia
49%
Sweden
49%
Belgium
46%
Turkey
43%
Peru
34%
Switzerland
31%
Bahrain
29%
Singapore
26%
Belarus
23%
Qatar
20%
Kuwait
9%
No matching quizzes found
Score Distribution
Percent of People with Each Score
Percentile by Number Answered
Your Score History
You have not taken this quiz since the last reset